000 01002nas a2200349 4500
001 BR2014004940
003 BR-BrBNA
005 20231205124352.0
007 ta
008 230509b bl.|||p| |||| 00| 00por d
040 _aBR-BrBNA
_bpor
_cBiblioteca Nacional de Agricultura
041 _a(En)
072 _aJ10
100 1 _aDeuner, C.
100 1 _aRosa, K.C.
100 1 _aMeneghello, G.E.
100 1 _aBorges, C.T.
100 1 _aAlmeida, A. da S.
100 1 _aBohn, A.
245 1 _aPhysiological performance during storage of seed treated with insecticides and fungicide
650 _aMILHO
650 _aSEMENTE
650 _aCRESCIMENTO
650 _aFISIOLOGIA VEGETAL
650 _aARMAZENAMENTO
650 _aINSETICIDA
650 _aFUNGICIDA
650 _aTRATAMENTO DE SEMENTE
773 0 _tJournal of Seed Science (Brazil)
_xISSN 2317-1537
_g(Jun 2014), v. 36(2) p. 204-212
_wBR2014004940
909 _a202311
_bLúcia
_c55
_dLúcia Elande
942 _2AGRIS
_n0
_cANA
999 _c238719
_d238719